Il diritto pubblico del sacro impero romano alla fine del XVIII secolo

Enregistré dans:
Détails bibliographiques
Auteur principal: Bussi, Emilio (Auteur)
Format: Livre
Langue:italien
Publié: Milán Dott. A. Giuffrè 1970
Édition:2a. ed
Sujets:
Tags: Ajouter un tag
Pas de tags, Soyez le premier à ajouter un tag!

MARC

LEADER 00000nam a2200000 a 4500
001 UCR2901
003 CL-VaPUC
008 980116e19700000IT |||||||||||||||||ita|d
082 0 4 |a 340.5409  |b BUS  |2 21 
100 0 |a Bussi, Emilio  |e author  |9 401399 
245 1 3 |a Il diritto pubblico del sacro impero romano alla fine del XVIII secolo 
250 |a 2a. ed 
300 |a 2 v 
942 |c BK 
945 |d 19980116 00:00:00  |a crobeson 
260 |a Milán  |b Dott. A. Giuffrè  |c 1970 
650 0 |a Derecho romano  |9 255930 
650 0 |a Derecho público   |9 255910 
650 0 |a Imperio Romano  |9 322785 
650 0 |a Fuentes del derecho   |9 255162 
583 |a last modification  |c 19980116 00:00:00  |k Rodrigo Vera 
999 |c 266022  |d 266020 
952 |0 0  |1 0  |4 0  |6 340_540900000000000_BUS_1970  |7 0  |8 DER_HIS  |9 297309  |a BIBDER  |b BIBDER  |d 2019-11-20  |h v.1  |i 1933787  |l 1  |o 340.5409 BUS 1970  |p 1933787  |r 2023-01-25  |s 2020-03-18  |w 2019-11-20  |x Ubicación 4to Piso  |y BK  |z Estos recursos deben solicitarse con anticipación  |k DER 
952 |0 0  |1 0  |4 0  |6 340_540900000000000_BUS_1970  |7 0  |8 DER_HIS  |9 297310  |a BIBDER  |b BIBDER  |d 2019-11-20  |h v.2  |i 1933833  |l 1  |o 340.5409 BUS 1970  |p 1933833  |r 2023-01-25  |s 2020-03-18  |w 2019-11-20  |x Ubicación 4to Piso  |y BK  |z Estos recursos deben solicitarse con anticipación  |k DER